| 000 | 00746nam a2200253 i 4500 | ||
|---|---|---|---|
| 001 | 17631 | ||
| 003 | ES-MaACL | ||
| 005 | 20250804062641.0 | ||
| 007 | t| | ||
| 008 | 010411s1998 sp ||||1| spa d | ||
| 080 | _a821.111(73) | ||
| 100 | 1 |
_aKerouac, Jack, _d1922-1969 _eaut _9240046 |
|
| 245 | 1 | 4 |
_aLos subterráneos / _cJack Kerouac ; traducción de J. Rodolfo Wilcock. |
| 250 | _a5ª ed. | ||
| 260 |
_aBarcelona : _bAnagrama, _c1998. |
||
| 300 |
_a157 p. ; _c19 cm. |
||
| 490 | 1 |
_aCompactos Anagrama ; _v58 |
|
| 655 | 0 |
_aNovelas _9234319 |
|
| 700 | 0 |
_aWilcock, J. Rodolfo _9116807 _etrl |
|
| 830 | 0 |
_aCompactos Anagrama ; _v58 _9180205 |
|
| 852 |
_aES-MaACL _jL-24442 _bR.129972 |
||
| 942 | _2udc | ||
| 999 |
_c17631 _d17631 |
||